| 000 | 00626cam a22002173a 4500 | ||
|---|---|---|---|
| 001 | 45247 | ||
| 003 | PGUSA | ||
| 005 | 20140828084033.0 | ||
| 008 | 140328s2014||||xxu|||||s|||||000 | eng d | ||
| 040 |
_aPGUSA _beng |
||
| 042 | _adc | ||
| 100 | 1 |
_aDas, C. R. _q(Chittaranjan), _d1870-1925 |
|
| 245 | 1 | 0 |
_aIndia for Indians : _bEnlarged Edition _h[electronic resource] / _cC. R. Das |
| 260 |
_bProject Gutenberg, _c2014 |
||
| 506 | _aPublic domain in the USA. | ||
| 516 | _aElectronic text | ||
| 700 | 1 | _aPatrika, A. B. | |
| 830 | 0 |
_aProject Gutenberg _v45247 |
|
| 856 | 4 | 0 | _uhttp://www.gutenberg.org/ebooks/45247 |
| 942 | _cEB | ||
| 999 |
_c274498 _d274498 |
||